Т.2. Статьи. Высказывания. Воспоминания о Ф. И. Шаляпине; Федор Иванович Шаляпин

Podrobná bibliografie
Parent link:Федор Иванович Шаляпин: сборник в 2-х т.. Т.2. Статьи. Высказывания. Воспоминания о Ф. И. Шаляпине.— , 1960
Další autoři: Грошева Е. А. (редактор)
Jazyk:ruština
Vydáno: 1960
Témata:
Médium: MixedMaterials Kniha
KOHA link:https://koha.lib.tpu.ru/cgi-bin/koha/opac-detail.pl?biblionumber=116679

MARC

LEADER 00000nam2a2200000 4500
001 116679
005 20231101215339.0
035 |a (RuTPU)RU\TPU\book\126268 
090 |a 116679 
100 |a 20070524d1960 m y0rusy50 ca 
101 0 |a rus 
102 |a RU 
105 |a ac z 001zb 
200 0 |a Т.2. Статьи. Высказывания. Воспоминания о Ф. И. Шаляпине 
210 |d 1960 
215 |a 621 с.  |c ил. 
320 |a Указатель имен: с. 585-628. 
461 1 |0 (RuTPU)RU\TPU\book\148568  |t Федор Иванович Шаляпин  |o сборник в 2-х т.  |v Т.2. Статьи. Высказывания. Воспоминания о Ф. И. Шаляпине  |d 1960 
600 1 |a Шаляпин  |b Ф. И.  |c российский певец (бас)  |f 1873-1938  |g Федор Иванович  |2 stltpush  |3 (RuTPU)RU\TPU\pers\7952  |9 1547 
610 1 |a музыка 
610 1 |a музыкальная культура 
610 1 |a Россия 
610 1 |a история 
610 1 |a 19 век 
610 1 |a 20 век 
610 1 |a воспоминания 
610 1 |a вокальное искусство 
610 1 |a вокальная музыка 
610 1 |a певцы 
610 1 |a певческое искусство 
702 1 |a Грошева  |b Е. А.  |4 340 
801 1 |a RU  |b 63413507  |c 20070524  |g PSBO 
801 2 |a RU  |b 63413507  |c 20080505  |g PSBO 
942 |c BK